| 000 | 00539nam a2200193 a 4500 | ||
|---|---|---|---|
| 001 | 1770453311825 | ||
| 003 | YourLibrary | ||
| 005 | 20260207140841.0 | ||
| 008 | 260207s2004##################000#0#eng## | ||
| 020 | _a9789058096623 | ||
| 082 | 0 | 4 |
_a333.7 _bAFG |
| 100 | 1 |
_aAfgan, N.H., _eauthor. |
|
| 245 | 1 | 0 | _aSustainable Development of Energy, Water and Environment Systems : |
| 260 |
_bCRC Press, _c2004. |
||
| 300 | _a392 pages | ||
| 650 | 0 | _aTechnology & Engineering. | |
| 942 | _cENGLISH | ||
| 040 |
_aYourLibrary _beng _cYourLibrary |
||
| 999 |
_c610950 _d610950 |
||